Lápis encantado (Record no. 187319)

MARC details
000 -LÍDER
campo de controle de tamanho fixo 00300 a2200145 4500
001 - NÚMERO DE CONTROLE
campo de controle 187319
020 ## - ISBN - INTERNATIONAL STANDARD BOOK NUMBER
ISBN - International Standard Book Number 85-305-0463-1
040 ## - FONTE DA CATALOGAÇÃO
Instituição que transcreveu o registro Magnum
100 ## - ENTRADA PRINCIPAL--NOME PESSOAL
Nome pessoal Cunha, Leo
240 10 - TÍTULO UNIFORME
Título uniforme Lápis encantado
Idioma da obra por
245 10 - TÍTULO
Título Lápis encantado
300 ## - DESCRIÇÃO FÍSICA
Extensão 31
697 ## - ENTRADA DE ASSUNTO LOCAL--ENTIDADE COLETIVA (RLIN)
Nome corporativo ou nome da jurisdição LITERATURA INFANTO
942 ## - ELEMENTOS DE ENTRADA ADICIONADOS (KOHA)
Tipo de material Koha Livros
Holdings
Situação do descarte Situação das perdas Situação física Não pode ser emprestado Biblioteca de origem Biblioteca atual Data de aquisição Total de empréstimos Número de chamada completo Código de barras Data de último acesso Data do preço efetivo Tipo de material Koha Fonte da classificação ou esquema de arquivamento na estante Nota pública
        Magnum Magnum 08/06/2024   869.0.1024 MAG00057692 08/06/2024 08/06/2024 Livros    
        Magnum Magnum 08/06/2024   869.0.1024 MAG00057693 08/06/2024 08/06/2024 Livros    
        Magnum Magnum 08/06/2024   869.0.1024 MAG00057694 08/06/2024 08/06/2024 Livros    
        Magnum Magnum 08/06/2024   869.0.1024 MAG00057695 08/06/2024 08/06/2024 Livros    
        Magnum Magnum 08/06/2024   869.0.1024 MAG00057696 08/06/2024 08/06/2024 Livros    
        Magnum Magnum 08/06/2024   869.0.1024 MAG00076046 08/06/2024 08/06/2024 Livros    
        Magnum Magnum 08/06/2024   869.0.1024 MAG00076459 08/06/2024 08/06/2024 Livros    
        Novo Tempo - Aureliano São José Novo Tempo - Aureliano São José 03/07/2024     if578 03/07/2024 03/07/2024 Livros Classificação Decimal de Dewey L